| 000 | 00854nam a22001457a 4500 | ||
|---|---|---|---|
| 008 | 090906s2000 ua ||||| |||| 00| 0 ara d | ||
| 082 |
_222 _a365.962 _bس ج و |
||
| 245 |
_aحالة السجون فى مصر/ _cاعداد وتحرير ايهاب سلام المحامى؛ جمع المعلومات والبيانات عادل مكى |
||
| 260 |
_aالقاهرة: _bمركز حقوق الانسان لمساعدة السجناء، _c2000 |
||
| 300 |
_a؛314 ص _c18 سم |
||
| 500 | _aالعنوان على الغلاف: التقرير السنوى لحالة السجون فى مصر لعام 2000 | ||
| 650 |
_98742 _aالسجون _zمصر |
||
| 942 |
_2ddc _cBB |
||
| 999 |
_c12753 _d12753 |
||